[Event "34.Schlosspark-Open"]
[Site "Wiesbaden-Biebrich"]
[Date "2025.08.29"]
[Round "3.1"]
[White "Wolf, Ulrich Martin"]
[Black "Kollars, Dmitrij"]
[Result "0-1"]
[WhiteElo "2143"]
[BlackElo "2644"]
[PlyCount "56"]
[EventDate "2025.08.28"]
[WhiteTeam "SK Bad Homburg 1927"]
[BlackTeam "SF Deizisau"]

1. Nf3 Nf6 2. g3 g6 3. Bg2 Bg7 4. O-O O-O 5. d4 d5 6. c4 Nc6 7. Nc3 dxc4 8. d5 Nb4 9. e4 e6 10. a3 Nd3 11. Nd2 exd5 12. exd5 Ne5 13. h3 c6 14. dxc6 bxc6 15. Qa4 Be6 16. Rd1 Qb6 17. Nde4 Nxe4 18. Nxe4 c3 19. b4 Nc4 20. Qc2 a5 21. Rb1 axb4 22. Rxb4 Qa5 23. Rb3 Nd2 24. Rxc3 Nxe4 25. Rxc6 Nc3 26. Re1 Bf5 27. Qb3 Nb5 28. Qb4 Nxa3 0-1

[Event "34.Schlosspark-Open"]
[Site "Wiesbaden-Biebrich"]
[Date "2025.08.29"]
[Round "3.2"]
[White "Poetsch, Hagen"]
[Black "Töpfer, Albrecht"]
[Result "1/2-1/2"]
[WhiteElo "2479"]
[BlackElo "2139"]
[PlyCount "86"]
[EventDate "2025.08.28"]
[WhiteTeam "SC Heusenstamm"]
[BlackTeam "SC Fulda"]

1. e4 d6 2. d4 Nf6 3. Nc3 e5 4. Nf3 Nbd7 5. g4 Nxg4 6. Rg1 Ngf6 7. Be3 c6 8. Qd2 b5 9. O-O-O Qa5 10. dxe5 dxe5 11. Kb1 Rb8 12. Bh3 Qc7 13. Bxd7+ Nxd7 14. h4 f6 15. h5 Nb6 16. Bxb6 axb6 17. Nh4 Be6 18. Nf5 b4 19. Ne2 Rg8 20. Nc1 Rd8 21. Qe2 Rxd1 22. Rxd1 Kf7 23. f4 g6 24. hxg6+ hxg6 25. fxe5 gxf5 26. Qh5+ Ke7 27. exf6+ Kxf6 28. Qh4+ Kf7 29. exf5 Bd5 30. Qh5+ Kf6 31. Qh4+ Rg5 32. Ne2 Qe5 33. Nf4 Qxf5 34. Nh3 Kg6 35. Nxg5 Qxg5 36. Qh8 Bg7 37. Qe8+ Kh7 38. Qe1 Qf4 39. Rd3 Qe4 40. Rh3+ Kg8 41. Qxe4 Bxe4 42. Rh4 Bd5 43. Rxb4 b5 1/2-1/2

[Event "34.Schlosspark-Open"]
[Site "Wiesbaden-Biebrich"]
[Date "2025.08.29"]
[Round "3.3"]
[White "Barbanera, Fabrizio"]
[Black "Milov, Leonid"]
[Result "0-1"]
[WhiteElo "2098"]
[BlackElo "2390"]
[PlyCount "82"]
[EventDate "2025.08.28"]
[WhiteTeam "SC Neumühl"]
[BlackTeam "SC Noris-Tarrasch Nürnberg 1873"]

1. e4 c5 2. c3 d5 3. exd5 Qxd5 4. d4 Nf6 5. Nf3 Nc6 6. Be3 e6 7. dxc5 Qxd1+ 8. Kxd1 Ng4 9. b4 a5 10. Bb5 Bd7 11. Bxc6 Bxc6 12. Nbd2 Nxe3+ 13. fxe3 b6 14. Nb3 axb4 15. cxb4 bxc5 16. bxc5 Be7 17. Ke2 O-O 18. Rhc1 Rfc8 19. Kf2 Bd5 20. Nfd4 g6 21. Rc3 Ra4 22. Rac1 e5 23. Nf3 Rxa2+ 24. Kg3 f6 25. Nfd2 Bc6 26. R1c2 Rca8 27. Nc4 Be4 28. Rxa2 Rxa2 29. Ncd2 Bc6 30. Rc4 Kf7 31. Rc3 Ke6 32. Rc4 f5 33. h4 Ra4 34. Rxa4 Bxa4 35. h5 gxh5 36. Kf2 Kd5 37. g3 h4 38. gxh4 Bxh4+ 39. Kf3 Be7 40. Nc1 Bxc5 41. Na2 Ke6 0-1

[Event "34.Schlosspark-Open"]
[Site "Wiesbaden-Biebrich"]
[Date "2025.08.29"]
[Round "3.4"]
[White "Baranyai-Molnar, Adam"]
[Black "Stephanblome, Felix"]
[Result "1/2-1/2"]
[WhiteElo "2278"]
[BlackElo "2116"]
[PlyCount "78"]
[EventDate "2025.08.28"]
[WhiteTeam "SF Neuberg"]
[BlackTeam "SV 1934 Ffm-Griesheim"]

1. f4 d5 2. Nf3 Nf6 3. b3 g6 4. Bb2 Bg7 5. e3 c5 6. Bb5+ Bd7 7. Qe2 O-O 8. Nc3 Ne4 9. Ne5 Nxc3 10. Bxc3 Qc7 11. O-O Bxb5 12. Qxb5 e6 13. b4 cxb4 14. Qxb4 Nc6 15. Nxc6 Qxc6 16. Bxg7 Kxg7 17. c3 Qc7 18. Rfb1 b6 19. a4 Rab8 20. Qd4+ Kg8 21. Rb5 Qc4 22. Rab1 Rbc8 23. Qxc4 Rxc4 24. a5 bxa5 25. Rxa5 Rc7 26. Kf2 Rd8 27. g4 h6 28. Ke2 Kg7 29. Rb4 Kf6 30. h4 Re8 31. e4 dxe4 32. Rxe4 Rb8 33. Rea4 Rb2 34. Rxa7 Rxc3 35. Rd4 Rc8 36. Rdd7 Rf8 37. Re7 g5 38. fxg5+ hxg5 39. hxg5+ Kxg5 1/2-1/2

[Event "34.Schlosspark-Open"]
[Site "Wiesbaden-Biebrich"]
[Date "2025.08.29"]
[Round "3.5"]
[White "Chassard, Cedric"]
[Black "Pohle, Dirk"]
[Result "1-0"]
[WhiteElo "2208"]
[BlackElo "2101"]
[PlyCount "55"]
[EventDate "2025.08.28"]
[WhiteTeam "TSV Schott Mainz"]
[BlackTeam "Langenfelder Schachfreunde 1933"]

1. Nf3 e6 2. g3 c5 3. Bg2 Nc6 4. O-O Nf6 5. d3 Be7 6. e4 d6 7. Nc3 O-O 8. h3 Bd7 9. Be3 b5 10. Nd2 Rb8 11. f4 Qc7 12. g4 Nd4 13. g5 Ne8 14. Nf3 b4 15. Ne2 Nxf3+ 16. Rxf3 f5 17. Ng3 Bc6 18. Rf2 d5 19. Qe2 Rd8 20. Re1 fxe4 21. dxe4 d4 22. Bd2 Bxg5 23. fxg5 Qxg3 24. Rxf8+ Kxf8 25. Rf1+ Ke7 26. Qh5 Qb8 27. Qf7+ Kd6 28. e5+ 1-0

[Event "34.Schlosspark-Open"]
[Site "Wiesbaden-Biebrich"]
[Date "2025.08.29"]
[Round "3.6"]
[White "Pucher, Sebastien"]
[Black "Pradeep, Harshill"]
[Result "0-1"]
[WhiteElo "2257"]
[BlackElo "1981"]
[PlyCount "52"]
[EventDate "2025.08.28"]
[WhiteTeam "Metz"]
[BlackTeam "SK Bickenbach"]

1. Nf3 Nf6 2. b3 g6 3. Bb2 Bg7 4. g3 O-O 5. Bg2 d6 6. d4 Ne4 7. O-O f5 8. c4 Nc6 9. e3 e5 10. Ne1 Re8 11. Nc2 a5 12. a3 h5 13. Nc3 exd4 14. exd4 Nxc3 15. Bxc3 f4 16. Qd2 Bf5 17. d5 Bxc3 18. Qxc3 Ne5 19. gxf4 Nd3 20. Nd4 Nxf4 21. Qg3 Ne2+ 22. Nxe2 Rxe2 23. Bf3 h4 24. Qf4 Re5 25. Rfe1 Qf6 26. Re3 Rxe3 0-1

[Event "34.Schlosspark-Open"]
[Site "Wiesbaden-Biebrich"]
[Date "2025.08.29"]
[Round "3.7"]
[White "Lesny, Florian"]
[Black "Musiienko, Platon"]
[Result "1/2-1/2"]
[WhiteElo "2235"]
[BlackElo "2083"]
[PlyCount "62"]
[EventDate "2025.08.28"]
[WhiteTeam "Schachfreunde Hünstetten"]
[BlackTeam "Wiesbadener SV 1885"]

1. e4 e5 2. Nf3 Nc6 3. Bc4 Nf6 4. d3 Bc5 5. O-O d6 6. c3 O-O 7. Nbd2 Bb6 8. h3 h6 9. Re1 a5 10. Bb3 Be6 11. Bc2 Re8 12. Nf1 d5 13. exd5 Bxd5 14. Ng3 Qd6 15. Be3 Bxe3 16. Rxe3 Be6 17. Re1 Rad8 18. Ba4 Bd7 19. Ne4 Nxe4 20. dxe4 Qc5 21. Qe2 Nb8 22. Bxd7 Nxd7 23. Nh4 Nf8 24. Nf5 Ne6 25. Rad1 c6 26. Rxd8 Rxd8 27. Rd1 Qb6 28. b3 Kf8 29. Rd6 Rxd6 30. Nxd6 Qc7 31. Nc4 b5 1/2-1/2

[Event "34.Schlosspark-Open"]
[Site "Wiesbaden-Biebrich"]
[Date "2025.08.29"]
[Round "3.9"]
[White "Dietze, Frank"]
[Black "Helmer, Jan"]
[Result "1/2-1/2"]
[WhiteElo "2083"]
[BlackElo "2231"]
[PlyCount "123"]
[EventDate "2025.08.28"]
[WhiteTeam "Wiesbadener SV 1885"]
[BlackTeam "HSK Lister Turm"]

1. d4 d5 2. Nf3 Nf6 3. c4 c6 4. Nc3 e6 5. Bg5 Nbd7 6. e3 Qa5 7. Nd2 dxc4 8. Bxf6 Nxf6 9. Nxc4 Qc7 10. Rc1 Bd6 11. Bd3 e5 12. dxe5 Bxe5 13. Nxe5 Qxe5 14. h3 O-O 15. O-O Be6 16. Qe2 Rad8 17. Rfd1 Nd5 18. Bb1 Nxc3 19. Rxc3 Qb5 20. Bd3 Qg5 21. f4 Qf6 22. Bb1 g6 23. Rc2 Bf5 24. Rcd2 Bxb1 25. Rxb1 Rxd2 26. Qxd2 Rd8 27. Qa5 Qe7 28. Re1 b6 29. Qc3 Qe4 30. Re2 c5 31. Kf2 Qd5 32. b3 f5 33. Qf6 Re8 34. Qc3 Rd8 35. Qf6 Qd6 36. Qc3 Kf7 37. Qc4+ Qd5 38. Qa6 Rd7 39. Qc8 Kg7 40. Qa6 Kf7 41. Qc8 Kg7 42. Qa6 h5 43. Qa3 Qd6 44. Qb2+ Qf6 45. Qc2 Qd6 46. Qc3+ Kh7 47. Qc4 Kg7 48. Qc3+ Qf6 49. Qc2 Qh4+ 50. Kf3 Qd8 51. Kf2 Rd3 52. Qc4 Rd1 53. Qc3+ Qf6 54. Qc2 Rh1 55. Qd2 Qa1 56. Qd7+ Kh6 57. Qe7 Qg1+ 58. Kg3 Qa1 59. Qg5+ Kh7 60. Qe7+ Kh6 61. Qg5+ Kh7 62. Qe7+ 1/2-1/2

[Event "34.Schlosspark-Open"]
[Site "Wiesbaden-Biebrich"]
[Date "2025.08.29"]
[Round "3.10"]
[White "Weber, Nikita"]
[Black "Geltz, Noah"]
[Result "1/2-1/2"]
[WhiteElo "2082"]
[BlackElo "2169"]
[PlyCount "57"]
[EventDate "2025.08.28"]
[WhiteTeam "Vorw.Orient Mainz"]
[BlackTeam "SF HN-Biberach 1978 e.V."]

1. d4 d5 2. c3 e6 3. Nf3 c5 4. Bf4 Bd6 5. e3 Nc6 6. Ne5 Qc7 7. Qg4 Nxe5 8. dxe5 Bxe5 9. Qxg7 Bxg7 10. Bxc7 Ne7 11. Bd3 e5 12. Bd6 b6 13. Bxe7 Kxe7 14. e4 c4 15. Be2 dxe4 16. Bxc4 Rd8 17. Nd2 f5 18. Ke2 Bb7 19. Rhd1 Rac8 20. Bb5 Rc5 21. c4 a6 22. b4 Rcc8 23. Ba4 Bh6 24. Bb3 Rd3 25. Nf1 f4 26. Rxd3 exd3+ 27. Kxd3 Bxg2 28. Nd2 e4+ 29. Ke2 1/2-1/2

[Event "34.Schlosspark-Open"]
[Site "Wiesbaden-Biebrich"]
[Date "2025.08.29"]
[Round "3.12"]
[White "Burkart, Lloyd Shang"]
[Black "Musiienko, Tymur"]
[Result "1/2-1/2"]
[WhiteElo "2080"]
[BlackElo "2202"]
[PlyCount "27"]
[EventDate "2025.08.28"]
[WhiteTeam "SV 1920 Hofheim"]
[BlackTeam "Wiesbadener SV 1885"]

1. d4 d5 2. c4 e6 3. Nf3 a6 4. Nbd2 Nf6 5. g3 dxc4 6. Nxc4 b5 7. Nce5 Bb7 8. Bg2 Bd5 9. O-O Be7 10. Bf4 O-O 11. Rc1 Ra7 12. a3 Nfd7 13. Nd3 Nb6 14. Re1 1/2-1/2

[Event "34.Schlosspark-Open"]
[Site "Wiesbaden-Biebrich"]
[Date "2025.08.29"]
[Round "3.13"]
[White "Schupp, Tobias"]
[Black "Stork, Christopher"]
[Result "0-1"]
[WhiteElo "2071"]
[BlackElo "2114"]
[PlyCount "78"]
[EventDate "2025.08.28"]
[WhiteTeam "SK Niederbrechen 1948"]
[BlackTeam "SV Oberursel"]

1. Nf3 Nf6 2. g3 g6 3. Bg2 Bg7 4. O-O O-O 5. c4 d6 6. Nc3 c6 7. d3 e5 8. Rb1 a5 9. a3 Nbd7 10. b4 axb4 11. axb4 Qc7 12. Ne1 Nb6 13. Qb3 Be6 14. b5 Rab8 15. Be3 c5 16. Nc2 h6 17. f4 Nfd7 18. Bd2 Kh7 19. Ra1 Ra8 20. e4 f5 21. Rxa8 Rxa8 22. exf5 Bxf5 23. Ne3 Rf8 24. Nxf5 Rxf5 25. Qa3 exf4 26. Bxf4 Bd4+ 27. Kh1 Ne5 28. Be4 Rf7 29. Nd5 Nxd5 30. Bxd5 g5 31. Qa8 Ng6 32. b6 Qd7 33. Bxf7 Qxf7 34. Qd8 gxf4 35. gxf4 Qe7 36. Qc7 Kg8 37. f5 Qe2 38. Qc8+ Nf8 39. Rf4 Be5 0-1

[Event "34.Schlosspark-Open"]
[Site "Wiesbaden-Biebrich"]
[Date "2025.08.29"]
[Round "3.14"]
[White "Sreeramulu, Aarush"]
[Black "Khenkin, Igor"]
[Result "0-1"]
[WhiteElo "2115"]
[BlackElo "2499"]
[PlyCount "62"]
[EventDate "2025.08.28"]
[WhiteTeam "SK Marburg 1931/72"]
[BlackTeam "Wiesbadener SV 1885"]

1. d4 d5 2. c4 dxc4 3. Nf3 c6 4. a4 e6 5. e3 b5 6. b3 Bb4+ 7. Bd2 Bxd2+ 8. Qxd2 a5 9. bxc4 b4 10. Bd3 c5 11. O-O Bb7 12. Be2 Nf6 13. Qb2 Nbd7 14. Nbd2 O-O 15. Nb3 Ne4 16. dxc5 Ndxc5 17. Rfd1 Qe8 18. Nxc5 Nxc5 19. Bd3 f5 20. Nd4 Nxa4 21. Qb3 Nc5 22. Qb2 Qg6 23. f4 a4 24. Bf1 b3 25. Nb5 Be4 26. Nc3 Qf6 27. Rd4 e5 28. Nxe4 Nxe4 29. fxe5 Qxe5 30. Bd3 Nc5 31. Qf2 Nxd3 0-1

[Event "34.Schlosspark-Open"]
[Site "Wiesbaden-Biebrich"]
[Date "2025.08.29"]
[Round "3.15"]
[White "Dörr, Tarik"]
[Black "Akhmatovski, Maxim"]
[Result "1-0"]
[WhiteElo "2010"]
[BlackElo "2136"]
[PlyCount "69"]
[EventDate "2025.08.28"]
[WhiteTeam "SC Einrich e.V."]
[BlackTeam "SV Oberursel"]

1. e4 e6 2. d4 d5 3. e5 c5 4. c3 Nc6 5. Nf3 Qb6 6. a3 c4 7. Nbd2 Na5 8. Rb1 Bd7 9. h4 Ne7 10. b4 cxb3 11. Nxb3 Ba4 12. Nxa5 Qxa5 13. Qd2 Qc7 14. Qb2 b6 15. h5 h6 16. Nd2 Nc6 17. Rh3 Be7 18. Rg3 O-O-O 19. Ba6+ Kb8 20. Bb5 Bxb5 21. Qxb5 Rhg8 22. a4 Ka8 23. Nb3 f6 24. a5 Nxa5 25. Nxa5 bxa5 26. exf6 Rb8 27. Rxg7 Rgc8 28. Qxb8+ Rxb8 29. Rxb8+ Qxb8 30. fxe7 Qe8 31. Ba3 Kb7 32. Rg6 Qb5 33. Rxe6 Qb1+ 34. Kd2 Qa2+ 35. Ke3 1-0

[Event "34.Schlosspark-Open"]
[Site "Wiesbaden-Biebrich"]
[Date "2025.08.29"]
[Round "3.16"]
[White "Nagel, Bernhard"]
[Black "Burkhardt, Jan"]
[Result "1-0"]
[WhiteElo "2148"]
[BlackElo "1915"]
[PlyCount "55"]
[EventDate "2025.08.28"]
[WhiteTeam "Kölner Schachklub Dr. Lasker 186"]
[BlackTeam "Sfr.Mainz 1928"]

1. e4 e5 2. Nc3 Nf6 3. Bc4 Nxe4 4. Qh5 Nd6 5. Qxe5+ Qe7 6. Qxe7+ Bxe7 7. Be2 O-O 8. Nf3 Ne8 9. d4 c6 10. d5 Nf6 11. Bg5 d6 12. O-O-O Nbd7 13. dxc6 bxc6 14. Nd4 Nd5 15. Bxe7 Nxe7 16. Rhe1 f5 17. Bc4+ d5 18. Nxc6 Ng6 19. Nxd5 Kh8 20. Nde7 Nb6 21. Nxg6+ hxg6 22. Bb3 f4 23. Ne5 Kh7 24. Bf7 Bf5 25. g4 Bxg4 26. Bxg6+ Kh6 27. Rd6 Rf6 28. Nxg4+ 1-0

[Event "34.Schlosspark-Open"]
[Site "Wiesbaden-Biebrich"]
[Date "2025.08.29"]
[Round "3.17"]
[White "Haßelbacher, Uwe"]
[Black "Boidman, Yuri"]
[Result "0-1"]
[WhiteElo "1936"]
[BlackElo "2250"]
[PlyCount "70"]
[EventDate "2025.08.28"]
[WhiteTeam "Mosbacher SC von 1931"]
[BlackTeam "SC Heimbach-Weis/Neuwied e.V."]

1. Nf3 d5 2. d4 Nf6 3. Bf4 c5 4. e3 Nc6 5. c3 Qb6 6. Qc2 Bf5 7. Qc1 Rc8 8. Nbd2 cxd4 9. exd4 Nb4 10. Nh4 Bd3 11. Ndf3 Be4 12. Ne5 Nc2+ 13. Kd2 Nxa1 14. Qxa1 h6 15. a4 a6 16. Be2 Nd7 17. a5 Qf6 18. Bg3 Nxe5 19. dxe5 Qc6 20. Bd1 Qc4 21. Be2 Qc6 22. Bd1 Kd8 23. f3 Bh7 24. Bf2 Qc4 25. Be2 Qf4+ 26. Kd1 Qxe5 27. Qa4 e6 28. Bb6+ Ke7 29. g3 Qd6 30. Re1 g5 31. Ng2 Bg7 32. Ne3 d4 33. cxd4 Bxd4 34. Nc4 Rxc4 35. Qxc4 Bxb6+ 0-1

[Event "34.Schlosspark-Open"]
[Site "Wiesbaden-Biebrich"]
[Date "2025.08.29"]
[Round "3.18"]
[White "Gundlach, Michael"]
[Black "Engel, Bruno"]
[Result "0-1"]
[WhiteElo "2070"]
[BlackElo "2192"]
[PlyCount "132"]
[EventDate "2025.08.28"]
[WhiteTeam "Sfr.Mainz 1928"]
[BlackTeam "Lübecker SV von 1873"]

1. c4 b6 2. Nc3 Bb7 3. e4 e6 4. g3 Bb4 5. Nge2 f5 6. Bg2 Nf6 7. d3 fxe4 8. O-O Bxc3 9. Nxc3 O-O 10. Bg5 h6 11. Be3 d5 12. dxe4 Nxe4 13. Nxe4 dxe4 14. Qc2 Nc6 15. Bxe4 Qe7 16. a3 Nd8 17. Rfe1 Bxe4 18. Qxe4 Nf7 19. Bf4 Rae8 20. Rad1 e5 21. Be3 Nd6 22. Qd5+ Qf7 23. c5 Nc4 24. Qxf7+ Rxf7 25. cxb6 axb6 26. Re2 e4 27. Rd4 Ne5 28. Kg2 Nf3 29. Rc4 g5 30. h3 Rd7 31. Rc1 c5 32. Rec2 Ne5 33. Rf1 Re6 34. Rh1 Kf7 35. Rf1 Rd3 36. Rfc1 Rb3 37. Rf1 Rd6 38. Bc1 Nd3 39. f4 exf3+ 40. Rxf3+ Kg6 41. Rf1 Nxc1 42. Rfxc1 Rdd3 43. Rc3 Rxb2+ 44. Kg1 Rb3 45. Rxd3 Rxd3 46. Rb1 Rxg3+ 47. Kh2 Rxa3 48. Rxb6+ Kh5 49. Re6 c4 50. Re4 c3 51. Rc4 Kg6 52. Rc6+ Kg7 53. Kg2 h5 54. Kh2 Kf7 55. Kg2 Rb3 56. Kh2 Ke7 57. Kg2 Ra3 58. Kh2 Ra2+ 59. Kg3 h4+ 60. Kf3 Rh2 61. Kg4 Rg2+ 62. Kf5 c2 63. Rc3 Kd6 64. Ke4 Kd7 65. Kf5 g4 66. hxg4 h3 0-1

[Event "34.Schlosspark-Open"]
[Site "Wiesbaden-Biebrich"]
[Date "2025.08.29"]
[Round "3.20"]
[White "Puschendorf, Steffen"]
[Black "Minor, Samuel"]
[Result "0-1"]
[WhiteElo "2026"]
[BlackElo "2186"]
[PlyCount "84"]
[EventDate "2025.08.28"]
[WhiteTeam "ESV Gera"]
[BlackTeam "Wiesbadener SV 1885"]

1. d4 f5 2. c4 d6 3. Nf3 Nf6 4. Nc3 g6 5. Bf4 Bg7 6. e3 O-O 7. c5 Kh8 8. Bc4 Nc6 9. h4 e6 10. cxd6 cxd6 11. Qa4 Ne4 12. Qa3 h6 13. Nb5 e5 14. dxe5 dxe5 15. Rd1 Bd7 16. Bg5 Nxg5 17. hxg5 a6 18. Nd6 e4 19. gxh6 Bf6 20. Nd4 Ne5 21. Be2 Qc7 22. Nb3 Rad8 23. Qc5 Bc6 24. Nc4 Rxd1+ 25. Kxd1 Rd8+ 26. Ke1 Nxc4 27. Qxc4 Bxb2 28. g4 f4 29. exf4 Qxf4 30. Qc2 Be5 31. Qc1 e3 32. Rf1 exf2+ 33. Rxf2 Qxc1+ 34. Nxc1 Bg3 35. Kf1 Bxf2 36. Kxf2 Kh7 37. Nd3 Kxh6 38. Ne5 Rd2 39. a4 Bxa4 40. g5+ Kg7 41. Ke3 Rb2 42. Bd3 Bc2 0-1

[Event "34.Schlosspark-Open"]
[Site "Wiesbaden-Biebrich"]
[Date "2025.08.29"]
[Round "3.21"]
[White "Kersten, Uwe"]
[Black "Eveleens, Wim"]
[Result "1/2-1/2"]
[WhiteElo "2169"]
[BlackElo "1984"]
[PlyCount "41"]
[EventDate "2025.08.28"]
[WhiteTeam "Sfr. Wolfhagen e. V."]
[BlackTeam "S.V.De Amstel"]

1. e4 e6 2. d4 d5 3. e5 c5 4. c3 Ne7 5. Nf3 Nec6 6. a3 c4 7. Nbd2 Na5 8. b4 cxb3 9. Nxb3 Bd7 10. a4 Nxb3 11. Qxb3 Qc7 12. Bd3 Nc6 13. O-O Na5 14. Qd1 Qxc3 15. Rb1 Qc7 16. Ng5 Bc6 17. Qh5 g6 18. Qf3 Bg7 19. Ba3 Nc4 20. Bb4 h6 21. Bxc4 1/2-1/2

[Event "34.Schlosspark-Open"]
[Site "Wiesbaden-Biebrich"]
[Date "2025.08.29"]
[Round "3.22"]
[White "Wagner, Stefan"]
[Black "Sievers, Andy"]
[Result "1/2-1/2"]
[WhiteElo "1984"]
[BlackElo "2148"]
[PlyCount "40"]
[EventDate "2025.08.28"]
[WhiteTeam "SC Landskrone"]
[BlackTeam "SK Kaiserslautern 1905"]

1. d4 Nf6 2. c4 g6 3. Nc3 d5 4. Nf3 Bg7 5. Qb3 dxc4 6. Qxc4 O-O 7. e4 Nc6 8. Be2 e5 9. d5 Nd4 10. Nxd4 exd4 11. Qxd4 c6 12. Qc4 b5 13. Qxc6 Bd7 14. Qd6 Re8 15. e5 Nh5 16. e6 fxe6 17. O-O Bf8 18. Qe5 Bg7 19. Qd6 Bf8 20. Qe5 Bg7 1/2-1/2

[Event "34.Schlosspark-Open"]
[Site "Wiesbaden-Biebrich"]
[Date "2025.08.29"]
[Round "3.23"]
[White "Derr, Oleg"]
[Black "Neurohr, Jürgen"]
[Result "1-0"]
[WhiteElo "2146"]
[BlackElo "1951"]
[PlyCount "35"]
[EventDate "2025.08.28"]
[WhiteTeam "VSG 1880 Offenbach"]
[BlackTeam "Sfr.Mainz 1928"]

1. e4 e6 2. d4 d5 3. Nc3 Bb4 4. Nge2 dxe4 5. a3 Bxc3+ 6. Nxc3 Nc6 7. d5 exd5 8. Qxd5 Be6 9. Qxe4 Nf6 10. Qa4 O-O 11. Bd2 a6 12. O-O-O b5 13. Qh4 b4 14. Bg5 Qe7 15. Ne4 bxa3 16. Nxf6+ gxf6 17. Bxf6 axb2+ 18. Kb1 1-0

[Event "34.Schlosspark-Open"]
[Site "Wiesbaden-Biebrich"]
[Date "2025.08.29"]
[Round "3.24"]
[White "Pioch, Thomas"]
[Black "Klein, Levent"]
[Result "0-1"]
[WhiteElo "2007"]
[BlackElo "2107"]
[PlyCount "80"]
[EventDate "2025.08.28"]
[WhiteTeam "SC Flörsheim 1921"]
[BlackTeam "SK Kaiserslautern 1905"]

1. Nf3 d5 2. g3 c6 3. Bg2 Nf6 4. b3 Bf5 5. Bb2 e6 6. d3 h6 7. Nbd2 Be7 8. c4 O-O 9. O-O a5 10. a3 Na6 11. Qc2 Bh7 12. Rac1 Rc8 13. h3 Re8 14. Qc3 Bf8 15. Rfd1 Nc5 16. Ne5 Nfd7 17. Nxd7 Nxd7 18. d4 Nf6 19. c5 b6 20. b4 bxc5 21. dxc5 e5 22. Nc4 axb4 23. axb4 Nd7 24. Na5 Qc7 25. Nxc6 Qxc6 26. Bxd5 Qf6 27. Qb3 Nb8 28. Rc3 Qe7 29. Re3 e4 30. Rc1 Nd7 31. Bb7 Rc7 32. c6 Nb6 33. Rc5 Rxb7 34. cxb7 Qxb7 35. Ra5 Rd8 36. Rc3 Nd5 37. Rc1 e3 38. Rd1 exf2+ 39. Kxf2 Qb6+ 40. Rd4 Nxb4 0-1

[Event "34.Schlosspark-Open"]
[Site "Wiesbaden-Biebrich"]
[Date "2025.08.29"]
[Round "3.25"]
[White "Vranckx, Oscar"]
[Black "Masius, Patrick"]
[Result "0-1"]
[WhiteElo "2107"]
[BlackElo "1956"]
[PlyCount "106"]
[EventDate "2025.08.28"]
[WhiteTeam "Sfr.Mainz 1928"]
[BlackTeam "VfR-SC Koblenz"]

1. e4 c5 2. Nf3 d6 3. d4 Nf6 4. Nc3 cxd4 5. Nxd4 a6 6. h3 e6 7. g4 h6 8. Bg2 Qc7 9. O-O Nc6 10. Be3 Nxd4 11. Bxd4 Bd7 12. Re1 e5 13. Be3 Be7 14. Qd2 Rc8 15. Rac1 b5 16. Red1 Bc6 17. Nd5 Bxd5 18. exd5 Nh7 19. Re1 O-O 20. Qd3 Qd7 21. Rf1 Bg5 22. Bxg5 Nxg5 23. h4 e4 24. Qg3 Nf3+ 25. Bxf3 exf3 26. Kh2 Rc4 27. Rg1 f5 28. g5 Rg4 29. Qh3 Re8 30. gxh6 Rc4 31. Qxf3 Rxh4+ 32. Kg2 Rxh6 33. Kf1 Qf7 34. Rd1 Rh4 35. Qc3 Re5 36. Rd3 Qh5 37. Qd2 f4 38. Rc3 Rxd5 39. Rd3 Rg5 40. Rxg5 Qxg5 41. Qa5 Rh1+ 42. Ke2 Qg4+ 43. Rf3 Qe6+ 44. Kd3 Qd5+ 45. Ke2 Qe4+ 46. Re3 fxe3 47. Qd8+ Kh7 48. Qxd6 exf2+ 49. Kxf2 Qxc2+ 50. Kf3 Rf1+ 51. Kg3 Qf2+ 52. Kg4 Qg2+ 53. Qg3 Qxg3+ 0-1

[Event "34.Schlosspark-Open"]
[Site "Wiesbaden-Biebrich"]
[Date "2025.08.29"]
[Round "3.26"]
[White "von Auer, Ulrich"]
[Black "Li, Maxim"]
[Result "1/2-1/2"]
[WhiteElo "1960"]
[BlackElo "2066"]
[PlyCount "31"]
[EventDate "2025.08.28"]
[WhiteTeam "SV Oberursel"]
[BlackTeam "Wiesbadener SV 1885"]

1. d4 d5 2. Nf3 c6 3. c4 e6 4. Qc2 Nf6 5. e3 Nbd7 6. Nc3 Be7 7. b3 b6 8. Bd3 Bb7 9. Bb2 h6 10. O-O O-O 11. Rad1 Qc7 12. Qe2 a6 13. e4 dxe4 14. Nxe4 c5 15. dxc5 bxc5 16. Ng3 1/2-1/2

[Event "34.Schlosspark-Open"]
[Site "Wiesbaden-Biebrich"]
[Date "2025.08.29"]
[Round "3.27"]
[White "Schmitt, Carsten"]
[Black "Regis, Georg"]
[Result "0-1"]
[WhiteElo "1913"]
[BlackElo "2074"]
[PlyCount "92"]
[EventDate "2025.08.28"]
[WhiteTeam "SV Bergwinkel"]
[BlackTeam "Vorw.Orient Mainz"]

1. c4 Nf6 2. g3 g6 3. Bg2 Bg7 4. Nc3 O-O 5. e4 d6 6. Nge2 e5 7. O-O Nbd7 8. d3 a5 9. f4 c6 10. h3 Qb6+ 11. Kh2 exf4 12. gxf4 Re8 13. Ng3 Nf8 14. f5 N6d7 15. Qc2 Be5 16. Bf4 Qd8 17. Qd2 Qf6 18. Nce2 Qg7 19. d4 Bxf4 20. Qxf4 c5 21. f6 Qh8 22. d5 Ra6 23. Rf2 h6 24. Raf1 Ne5 25. b3 Nd3 26. Qe3 Nxf2 27. Rxf2 Nd7 28. Qf4 Ne5 29. Rf1 Kh7 30. h4 h5 31. Bh3 Bxh3 32. Kxh3 Qf8 33. Nf5 Ng4 34. Ng7 Re5 35. Ng3 Nxf6 36. N3f5 Ng4 37. Rg1 gxf5 38. Nxf5 Qg8 39. Nh6 Rxe4 40. Qxe4+ Kxh6 41. Rf1 Qg6 42. Qe2 a4 43. Qd2+ Kh7 44. Re1 axb3 45. axb3 Ra3 46. Qc3 Ra2 0-1

[Event "34.Schlosspark-Open"]
[Site "Wiesbaden-Biebrich"]
[Date "2025.08.29"]
[Round "3.28"]
[White "Herrmann, Jakob"]
[Black "Pauls, Wilhelm"]
[Result "0-1"]
[WhiteElo "2283"]
[BlackElo "1941"]
[PlyCount "116"]
[EventDate "2025.08.28"]
[WhiteTeam "SAV Torgelow-Drögeheide 90"]
[BlackTeam "Sportgemeinschaft Kaarst 1912/35"]

1. d4 Nf6 2. c4 g6 3. Nc3 Bg7 4. e4 d6 5. Be2 O-O 6. Be3 e5 7. d5 c6 8. Nf3 Na6 9. Nd2 Ne8 10. O-O f5 11. f3 c5 12. a3 f4 13. Bf2 g5 14. b4 h5 15. bxc5 Nxc5 16. Nb3 Nxb3 17. Qxb3 g4 18. Kh1 Qg5 19. Nb5 g3 20. Bg1 h4 21. Rfc1 Rf6 22. Nxa7 h3 23. Bf1 gxh2 24. Bb6 Rg6 25. Rc2 Bd7 26. Kxh2 Nf6 27. gxh3 Bxh3 28. Bxh3 Rh6 29. Rg2 Rxh3+ 30. Kg1 Qh4 31. Kf1 Nxe4 32. Ke2 Ng3+ 33. Kd2 e4 34. Rag1 e3+ 35. Kc2 Re8 36. Qa4 Qe7 37. Nb5 Qe5 38. Bd4 Qf5+ 39. Kc3 e2 40. Re1 Re3+ 41. Kb2 Bxd4+ 42. Nxd4 Qf6 43. Qa7 Rd3 44. Rexe2 Qxd4+ 45. Qxd4 Rxd4 46. Kc3 Rd1 47. Re4 Rh7 48. Rxf4 Rg7 49. Kc2 Ra1 50. Kb2 Rf1 51. Rf6 Ne4 52. Rxg7+ Kxg7 53. Re6 Rf2+ 54. Kc1 Nc5 55. Rxd6 Rxf3 56. Rb6 Rc3+ 57. Kd2 Rxc4 58. Ke3 Kf7 0-1

[Event "34.Schlosspark-Open"]
[Site "Wiesbaden-Biebrich"]
[Date "2025.08.29"]
[Round "3.29"]
[White "Raasch, Jörg"]
[Black "Sikorra, Philipp"]
[Result "1-0"]
[WhiteElo "2195"]
[BlackElo "1863"]
[PlyCount "69"]
[EventDate "2025.08.28"]
[WhiteTeam "Klub Kölner SF e. V."]
[BlackTeam "SF Schönwald"]

1. d4 d5 2. Nf3 Nf6 3. Bf4 Bf5 4. e3 e6 5. Nc3 c6 6. Ne5 Nbd7 7. Bd3 Bxd3 8. cxd3 Be7 9. O-O O-O 10. h3 Rc8 11. Rc1 Nxe5 12. Bxe5 Nd7 13. Bf4 Bf6 14. Na4 Re8 15. Re1 g6 16. Re2 Be7 17. Rec2 Bf8 18. a3 Qa5 19. Nc3 f6 20. e4 e5 21. Be3 exd4 22. Bxd4 Bh6 23. Rb1 c5 24. b4 cxb4 25. axb4 Qc7 26. Rbb2 dxe4 27. Nxe4 Qb8 28. Rxc8 Rxc8 29. Rc2 Re8 30. Re2 Rc8 31. Re1 b6 32. Qb3+ Kf8 33. Qe6 f5 34. Nd6 Ne5 35. Nxc8 1-0